000 00381nam a22001577a 4500
003 MPLRDC
005 20220104142609.0
008 210129b ||||| |||| 00| 0 eng d
082 _a716.2 XG
100 _a不详
245 _a最新中国分省图
_c
260 _a
_b新光舆地学社
_c1956
300 _b
650 _a世界地理--中国地理
942 _cBK
_o716.2 XG
999 _c32166
_d32156